[Event "23rd Hoogeveen Open 2019"]
[Site "Hoogeveen"]
[Date "2019.10.21"]
[Round "4.33"]
[White "Van der Hagen, Loek"]
[Black "Shakhverdian, William"]
[Result "1-0"]
[WhiteElo "1983"]
[BlackElo "2109"]
[Annotator "NA"]
[PlyCount "111"]
[EventDate "2019.10.19"]
[EventType "swiss"]
[EventCountry "NED"]
[SourceTitle "playchess.com"]
[Source "ChessBase"]
[SourceQuality "1"]
[TimeControl "40/5400+30:1800+30"]

1. e4 {[%emt 0:00:00]} e5 {[%emt 0:00:00]} 2. Nf3 {[%emt 0:00:00]} Nc6 {[%emt 0:00:00]} 3. Bb5 {[%emt 0:00:00]} Nf6 {[%emt 0:00:01]} 4. d3 {[%emt 0:00:08]} Bc5 {[%emt 0:00:14]} 5. O-O {[%emt 0:00:27]} d6 {[%emt 0:00:27]} 6. c3 {[%emt 0:00:48]} a6 {[%emt 0:00:53]} 7. Ba4 {[%emt 0:00:09]} O-O {[%emt 0:00:54]} 8. h3 {[%emt 0:00:33]} b5 {[%emt 0:00:54]} 9. Bc2 {[%emt 0:00:26]} h6 {[%emt 0:00:06]} 10. Re1 {[%emt 0:01:03]} Re8 {[%emt 0:00:39]} 11. Nbd2 {[%emt 0:00:55]} d5 {[%emt 0:01:32]} 12. exd5 {[%emt 0:03:11]} Nxd5 {[%emt 0:00:40]} 13. Ne4 {[%emt 0:00:52]} Bf8 {[%emt 0:00:46]} 14. Ng3 {[%emt 0:07:01]} f5 {[%emt 0:04:18]} 15. Bd2 {[%emt 0:05:30]} Qd6 {[%emt 0:04:50]} 16. b4 {[%emt 0:04:55]} Bd7 {[%emt 0:01:41]} 17. a3 {[%emt 0:07:23]} Nf4 {[%emt 0:03:48]} 18. Be3 {[%emt 0:01:44]} Kh8 {[%emt 0:21:40]} 19. Qd2 {[%emt 0:04:46]} Nd5 {[%emt 0:01:35]} 20. Bc5 {[%emt 0:00:36]} Qf6 {[%emt 0:00:35]} 21. Bxf8 {[%emt 0:02:48]} Rxf8 {[%emt 0:00:52]} 22. c4 {[%emt 0:02:43]} Nb6 {[%emt 0:07:09]} 23. Bb3 {[%emt 0:03:31]} Be6 {[%emt 0:07:35]} 24. Qc3 {[%emt 0:03:55]} bxc4 {[%emt 0:02:16]} 25. dxc4 {[%emt 0:01:50]} e4 {[%emt 0:01:40]} 26. Qxf6 {[%emt 0:00:16]} Rxf6 {[%emt 0:00:13]} 27. Nd2 {[%emt 0:03:55]} Nd4 {[%emt 0:02:16]} 28. Rac1 {[%emt 0:09:11]} g6 {[%emt 0:02:05]} 29. Ba2 {[%emt 0:03:49]} c5 {[%emt 0:00:41]} 30. Red1 {[%emt 0:10:58]} Nc6 {[%emt 0:06:45]} 31. Ndxe4 {[%emt 0:04:40]} fxe4 {[%emt 0:00:09]} 32. Rd6 {[%emt 0:00:28]} Nd4 {[%emt 0:04:52]} 33. Rxb6 {[%emt 0:01:34]} Raf8 {[%emt 0:01:15]} 34. Rf1 {[%emt 0:05:26]} e3 {[%emt 0:05:40]} 35. fxe3 {[%emt 0:00:55]} Ne2+ {[%emt 0:01:51]} 36. Kh2 {[%emt 0:00:01]} Rxf1 {[%emt 0:00:18]} 37. Nxf1 {[%emt 0:00:14]} Rxf1 {[%emt 0:02:34]} 38. Rxe6 {[%emt 0:00:09]} h5 {[%emt 0:00:54]} 39. Rxg6 {[%emt 0:02:11]} Kh7 {[%emt 0:00:07]} 40. Rg5 {[%emt 0:00:42]} Kh6 {[%emt 0:00:53]} 41. h4 {[%emt 0:30:32]} Nc3 {[%emt 0:32:02]} 42. Bb3 {[%emt 0:02:17]} cxb4 {[%emt 0:00:09]} 43. axb4 {[%emt 0:00:35]} Ne4 {[%emt 0:00:22]} 44. Ra5 {[%emt 0:01:09]} Re1 {[%emt 0:01:04]} 45. Rxa6+ {[%emt 0:00:36]} Kg7 {[%emt 0:00:05]} 46. Ra2 {[%emt 0:07:36]} Rxe3 {[%emt 0:01:58]} 47. Bd1 {[%emt 0:00:00]} Nf6 {[%emt 0:00:00]} 48. Bf3 {[%emt 0:00:00]} Rc3 {[%emt 0:00:00]} 49. Ra7+ {[%emt 0:00:00]} Kg6 {[%emt 0:00:00]} 50. Rc7 {[%emt 0:00:00]} Kf5 {[%emt 0:00:00]} 51. b5 {[%emt 0:00:00]} Ng4+ {[%emt 0:00:00]} 52. Bxg4+ {[%emt 0:00:00]} Kxg4 {[%emt 0:00:00]} 53. b6 {[%emt 0:00:00]} Kxh4 {[%emt 0:00:00]} 54. b7 {[%emt 0:00:00]} Rb3 {[%emt 0:00:00]} 55. c5 {[%emt 0:00:00]} Rb2 {[%emt 0:00:00]} 56. c6 {[%emt 0:00:00]} 1-0

[Event "23rd Hoogeveen Open 2019"]
[Site "Hoogeveen"]
[Date "2019.10.21"]
[Round "4.34"]
[White "Ricken, Katharina"]
[Black "Taams, Sander"]
[Result "1-0"]
[WhiteElo "1970"]
[BlackElo "2094"]
[Annotator "NA RC"]
[PlyCount "85"]
[EventDate "2019.10.19"]
[EventType "swiss"]
[EventCountry "NED"]
[SourceTitle "playchess.com"]
[Source "ChessBase"]
[SourceQuality "1"]
[TimeControl "40/5400+30:1800+30"]

1. Nf3 {[%emt 0:00:00]} Nf6 {[%emt 0:00:00]} 2. g3 {[%emt 0:00:00]} g6 {[%emt 0:00:00]} 3. b3 {[%emt 0:00:00]} Bg7 {[%emt 0:00:00]} 4. Bb2 {[%emt 0:00:00]} d6 {[%emt 0:00:32]} 5. d4 {[%emt 0:00:00]} O-O {[%emt 0:01:18]} 6. Bg2 {[%emt 0:00:00]} c5 {[%emt 0:00:47]} 7. c4 {[%emt 0:00:00]} Nc6 {[%emt 0:00:43]} 8. O-O {[%emt 0:00:10]} a6 {[%emt 0:00:53]} 9. dxc5 {[%emt 0:00:18]} dxc5 {[%emt 0:00:17]} 10. Ne5 {[%emt 0:00:06]} Nxe5 {[%emt 0:06:59]} 11. Bxe5 {[%emt 0:00:08]} Nh5 {[%emt 0:00:40]} 12. Bxg7 {[%emt 0:00:10]} Nxg7 {[%emt 0:00:16]} 13. Nc3 {[%emt 0:00:15]} Rb8 {[%emt 0:01:32]} 14. Qxd8 {[%emt 0:00:35]} Rxd8 {[%emt 0:00:13]} 15. Rfd1 {[%emt 0:00:12]} Rd5 {[%emt 0:04:32]} 16. Rd2 Rxd2 {[%emt 0:00:30]} 17. Rc1 {[%emt 0:00:54]} Rd1+ 18. Rxd1 {[%emt 0:01:01]} Be6 {[%emt 0:02:50]} 19. Bxb7 {[%emt 0:04:31]} Rxb7 {[%emt 0:03:58]} 20. Rd8+ {[%emt 0:00:09]} Ne8 {[%emt 0:00:04]} 21. Rxe8+ {[%emt 0:00:05]} Kg7 {[%emt 0:00:02]} 22. Ra8 {[%emt 0:12:38]} Rb6 {[%emt 0:01:16]} 23. Ra7 {[%emt 0:01:24]} Kf8 {[%emt 0:01:21]} 24. Rc7 {[%emt 0:00:15]} Rd6 {[%emt 0:00:58]} 25. Rxc5 {[%emt 0:01:54]} Rd2 {[%emt 0:00:12]} 26. Ra5 {[%emt 0:04:53]} Bh3 {[%emt 0:01:45]} 27. f3 {[%emt 0:06:18]} Rc2 {[%emt 0:05:41]} 28. Nd5 {[%emt 0:02:42]} Rc1+ {[%emt 0:02:24]} 29. Kf2 {[%emt 0:01:28]} Rh1 {[%emt 0:00:08]} 30. Rxa6 {[%emt 0:01:40]} Rxh2+ {[%emt 0:00:12]} 31. Ke3 {[%emt 0:01:23]} Bf1 {[%emt 0:00:09]} 32. Nc3 {[%emt 0:00:44]} h5 {[%emt 0:00:20]} 33. b4 {[%emt 0:01:03]} Rg2 {[%emt 0:00:17]} 34. b5 {[%emt 0:00:42]} Ke8 {[%emt 0:00:15]} 35. c5 {[%emt 0:00:54]} Rxg3 {[%emt 0:00:07]} 36. Kf2 {[%emt 0:00:36]} h4 {[%emt 0:00:06]} 37. Kxf1 {[%emt 0:00:14]} h3 {[%emt 0:00:06]} 38. c6 {[%emt 0:00:49]} e6 {[%emt 0:00:26]} 39. Ne4 {[%emt 0:00:20]} Rg2 {[%emt 0:00:58]} 40. Ra8+ {[%emt 0:00:15]} Ke7 {[%emt 0:00:08]} 41. c7 {[%emt 0:30:06]} f5 {[%emt 0:30:10]} 42. Nf2 {[%emt 0:00:22]} h2 {[%emt 0:00:38]} 43. Kxg2 {[%emt 0:00:06]} 1-0

[Event "23rd Hoogeveen Open 2019"]
[Site "Hoogeveen"]
[Date "2019.10.21"]
[Round "4.35"]
[White "Vasse, Albert"]
[Black "Pekin, Tolgay"]
[Result "0-1"]
[WhiteElo "1934"]
[BlackElo "2083"]
[Annotator "NA"]
[PlyCount "98"]
[EventDate "2019.10.19"]
[EventType "swiss"]
[EventCountry "NED"]
[SourceTitle "playchess.com"]
[Source "ChessBase"]
[SourceQuality "1"]
[TimeControl "40/5400+30:1800+30"]

1. e4 {[%emt 0:00:00]} c5 {[%emt 0:00:19]} 2. d4 {[%emt 0:00:00]} cxd4 {[%emt 0:00:08]} 3. c3 {[%emt 0:00:00]} Nf6 {[%emt 0:00:09]} 4. e5 {[%emt 0:00:05]} Nd5 {[%emt 0:00:03]} 5. cxd4 {[%emt 0:00:08]} e6 {[%emt 0:00:08]} 6. Bc4 {[%emt 0:02:19]} Nb6 {[%emt 0:04:21]} 7. Bb3 {[%emt 0:00:54]} d6 {[%emt 0:02:07]} 8. Qe2 {[%emt 0:04:35]} Be7 {[%emt 0:07:19]} 9. Qg4 {[%emt 0:04:43]} dxe5 {[%emt 0:03:51]} 10. dxe5 {[%emt 0:03:12]} Qc7 {[%emt 0:00:15]} 11. Qf4 {[%emt 0:08:23]} g5 {[%emt 0:11:06]} 12. Qe3 {[%emt 0:03:00]} Nc6 {[%emt 0:01:48]} 13. Nc3 {[%emt 0:05:51]} Qxe5 {[%emt 0:02:36]} 14. Nf3 {[%emt 0:01:54]} Qxe3+ {[%emt 0:03:13]} 15. Bxe3 {[%emt 0:00:11]} g4 {[%emt 0:18:23]} 16. Nd2 {[%emt 0:02:46]} Nd7 {[%emt 0:09:20]} 17. Nb5 {[%emt 0:07:28]} Bd8 {[%emt 0:11:15]} 18. Nd6+ {[%emt 0:02:29]} Ke7 {[%emt 0:00:43]} 19. N6e4 {[%emt 0:00:55]} Bb6 {[%emt 0:01:20]} 20. O-O {[%emt 0:06:45]} Bxe3 {[%emt 0:03:49]} 21. fxe3 {[%emt 0:00:12]} b6 {[%emt 0:01:29]} 22. Rac1 {[%emt 0:02:03]} Bb7 {[%emt 0:01:00]} 23. Nc4 {[%emt 0:03:58]} Na5 {[%emt 0:02:34]} 24. Ned6 {[%emt 0:02:17]} Nxc4 {[%emt 0:01:22]} 25. Nxc4 {[%emt 0:03:25]} Nc5 {[%emt 0:02:52]} 26. Bd1 {[%emt 0:00:42]} Rhg8 {[%emt 0:01:33]} 27. Ne5 {[%emt 0:01:38]} f6 {[%emt 0:02:08]} 28. b4 {[%emt 0:00:34]} Na6 {[%emt 0:01:38]} 29. Nd3 {[%emt 0:00:34]} Rac8 {[%emt 0:01:15]} 30. Be2 {[%emt 0:02:45]} Nc7 {[%emt 0:00:55]} 31. a3 {[%emt 0:05:28]} Nd5 {[%emt 0:01:08]} 32. Rxc8 {[%emt 0:01:07]} Rxc8 {[%emt 0:01:49]} 33. e4 {[%emt 0:01:44]} Ne3 {[%emt 0:00:55]} 34. Rf4 {[%emt 0:00:35]} Rc2 {[%emt 0:00:51]} 35. Kf2 {[%emt 0:02:46]} e5 {[%emt 0:00:47]} 36. Kxe3 {[%emt 0:00:36]} exf4+ {[%emt 0:00:17]} 37. Nxf4 {[%emt 0:00:14]} g3 {[%emt 0:00:33]} 38. hxg3 {[%emt 0:00:19]} Rc3+ {[%emt 0:00:13]} 39. Kd4 {[%emt 0:00:23]} Rxa3 {[%emt 0:01:35]} 40. Bf3 {[%emt 0:01:22]} a5 {[%emt 0:01:49]} 41. bxa5 {[%emt 0:34:26]} bxa5 {[%emt 0:01:28]} 42. Nd3 {[%emt 0:00:00]} Ra4+ {[%emt 0:03:05]} 43. Ke3 {[%emt 0:00:00]} Rc4 {[%emt 0:03:14]} 44. Nf4 {[%emt 0:00:00]} a4 {[%emt 0:04:18]} 45. Kd3 {[%emt 0:00:00]} Rc7 {[%emt 0:01:34]} 46. Bd1 {[%emt 0:00:00]} Rd7+ {[%emt 0:01:21]} 47. Nd5+ {[%emt 0:00:00]} Bxd5 {[%emt 0:00:14]} 48. exd5 {[%emt 0:00:00]} Rxd5+ {[%emt 0:00:07]} 49. Kc2 {[%emt 0:00:00]} Rxd1 {[%emt 0:00:01] Kd3} 0-1

[Event "23rd Hoogeveen Open 2019"]
[Site "Hoogeveen"]
[Date "2019.10.21"]
[Round "4.36"]
[White "Merkon, Oseb"]
[Black "Boersma, Jan"]
[Result "0-1"]
[WhiteElo "1930"]
[BlackElo "2070"]
[Annotator "NA"]
[PlyCount "96"]
[EventDate "2019.10.19"]
[EventType "swiss"]
[EventCountry "NED"]
[SourceTitle "playchess.com"]
[Source "ChessBase"]
[SourceQuality "1"]
[TimeControl "40/5400+30:1800+30"]

1. c4 {[%emt 0:00:00]} g6 {[%emt 0:00:00]} 2. Nc3 {[%emt 0:00:30]} Bg7 {[%emt 0:00:30]} 3. g3 {[%emt 0:00:30]} d6 {[%emt 0:00:30]} 4. Bg2 {[%emt 0:00:30]} Nc6 {[%emt 0:00:30]} 5. d3 {[%emt 0:00:30]} Nf6 {[%emt 0:00:30]} 6. e4 {[%emt 0:00:30]} O-O {[%emt 0:00:30]} 7. Nge2 {[%emt 0:00:30]} Bd7 {[%emt 0:00:30]} 8. O-O {[%emt 0:00:30]} Qc8 {[%emt 0:00:30]} 9. f4 {[%emt 0:00:30]} Bh3 {[%emt 0:00:30]} 10. f5 {[%emt 0:00:30]} Bxg2 {[%emt 0:00:30]} 11. Kxg2 {[%emt 0:00:30]} e6 {[%emt 0:00:30]} 12. Nf4 {[%emt 0:00:30]} Nd4 {[%emt 0:23:44]} 13. Be3 {[%emt 0:27:41]} c5 {[%emt 0:00:30]} 14. g4 {[%emt 0:00:30]} gxf5 {[%emt 0:00:30]} 15. exf5 {[%emt 0:00:30]} Qc6+ {[%emt 0:00:30]} 16. Kg3 {[%emt 0:00:30]} Kh8 {[%emt 0:00:30]} 17. Bxd4 {[%emt 0:00:30]} cxd4 {[%emt 0:00:30]} 18. Nb5 {[%emt 0:00:30]} e5 {[%emt 0:00:30]} 19. Nh3 {[%emt 0:00:30]} Rg8 {[%emt 0:00:30]} 20. Ng5 {[%emt 0:00:30]} Raf8 {[%emt 0:00:30]} 21. Qf3 {[%emt 0:00:30]} Bh6 {[%emt 0:00:30]} 22. h4 {[%emt 0:00:30]} Bxg5 {[%emt 0:00:30]} 23. hxg5 {[%emt 0:00:30]} Rxg5 {[%emt 0:00:30]} 24. Qxc6 {[%emt 0:00:30]} Rxg4+ {[%emt 0:00:30]} 25. Kf2 {[%emt 0:00:30]} bxc6 {[%emt 0:00:30]} 26. Nxd6 {[%emt 0:00:30]} Kg7 {[%emt 0:00:30]} 27. Rg1 {[%emt 0:00:30]} h5 {[%emt 0:00:30]} 28. Rxg4+ {[%emt 0:00:30]} hxg4 {[%emt 0:00:30]} 29. Rh1 {[%emt 0:00:30]} c5 {[%emt 0:00:30]} 30. Ne4 {[%emt 0:00:30]} Nxe4+ {[%emt 0:00:30]} 31. dxe4 {[%emt 0:00:30]} Rb8 {[%emt 0:00:30]} 32. b3 {[%emt 0:00:30]} a5 {[%emt 0:00:30]} 33. Rh4 {[%emt 0:00:30]} a4 {[%emt 0:00:30]} 34. Rxg4+ {[%emt 0:00:30]} Kf6 {[%emt 0:00:30]} 35. Rg3 {[%emt 0:00:30]} a3 {[%emt 0:00:30]} 36. Rh3 {[%emt 0:00:30]} Rg8 {[%emt 0:00:30]} 37. Rh4 {[%emt 0:00:30]} Kg5 {[%emt 0:00:30]} 38. Rh7 {[%emt 0:00:30]} Kf4 {[%emt 0:00:30]} 39. Rh4+ {[%emt 0:00:30]} Rg4 {[%emt 0:00:30]} 40. Rxg4+ {[%emt 0:00:30]} Kxg4 {[%emt 0:00:30]} 41. Ke2 {[%emt 0:30:30]} Kf4 {[%emt 0:30:30]} 42. Kd3 {[%emt 0:00:30]} f6 {[%emt 0:00:30]} 43. b4 {[%emt 0:00:30]} cxb4 {[%emt 0:00:30]} 44. c5 {[%emt 0:00:30]} b3 {[%emt 0:00:30]} 45. c6 {[%emt 0:00:30]} bxa2 {[%emt 0:00:30]} 46. c7 {[%emt 0:00:30]} a1=Q {[%emt 0:00:30]} 47. c8=Q {[%emt 0:00:30]} Qd1+ {[%emt 0:00:30]} 48. Kc4 {[%emt 0:00:30]} Qc2+ {[%emt 0:26:34] Kd3 Qd1+ Kc4 Qc2+} 0-1

[Event "23rd Hoogeveen Open 2019"]
[Site "Hoogeveen"]
[Date "2019.10.21"]
[Round "4.37"]
[White "Mijnster, Niels"]
[Black "Stavast, Dick"]
[Result "1/2-1/2"]
[WhiteElo "2145"]
[BlackElo "2068"]
[Annotator "TA"]
[PlyCount "44"]
[EventDate "2019.10.19"]
[EventType "swiss"]
[EventCountry "NED"]
[SourceTitle "playchess.com"]
[Source "ChessBase"]
[SourceQuality "1"]

{[%evp 18,44,39,27,50,31,29,0,0,7,0,5,8,0,0,0,0,-8,70,59,61,-16,146,-12,-10,-25,-34,-25,-35]} 1. d4 d6 2. Nf3 Nf6 3. c4 Nbd7 4. Nc3 e5 5. e4 Be7 6. Be2 O-O 7. O-O c6 8. h3 a6 9. a4 a5 10. Be3 Re8 {A55: Old Indian Defence with Nf3 and e4} 11. Qd2 (11. Qc2 exd4 12. Nxd4 Nc5 13. Rad1 Qb6 14. Bf4 Bf8 15. Bf3 g6 16. Nde2 Qc7 17. Rd2 Be6 18. b3 Rad8 19. Rfd1 Bc8 20. g4 Qb6 {1-0 (45) Zhukova,N (2377)-Bezgodova,S (2046) St Petersburg 2018}) 11... exd4 12. Bxd4 Bf8 {The position is equal.} 13. Qc2 b6 $146 ({Predecessor:} 13... Qc7 14. Rac1 g6 15. Rfe1 Nh5 16. Be3 Nc5 17. Nd4 Nf6 18. Bf3 {0-1 (27) Karibayev,B (2075)-Karayev,A (2262) Astana 2012}) 14. Rfe1 Nc5 15. e5 dxe5 16. Bxe5 Ra7 17. Bf1 Rae7 ({Black should try} 17... Rd7 $11) 18. Rad1 $14 Bd7 19. Bd3 (19. Bxf6 $14 gxf6 20. Rxe7 Rxe7 21. Bd3) 19... Nxd3 $2 (19... g6 $11) 20. Rxd3 $2 (20. Qxd3 $16 Qc8 21. Bxf6 Rxe1+ 22. Nxe1 (22. Rxe1 Rxe1+ 23. Nxe1 gxf6 $11) 22... gxf6 23. Ne4 (23. Qxd7 Qxd7 24. Rxd7 Rxe1+ 25. Kh2 Rc1 $11)) 20... Qc8 $11 {[#] Strongly threatening ...Bf5.} 21. Rde3 Bf5 22. Qb3 Nd7 {Accuracy: White = 24%, Black = 51%.} 1/2-1/2

[Event "23rd Hoogeveen Open 2019"]
[Site "Hoogeveen"]
[Date "2019.10.22"]
[Round "5.1"]
[White "Akash, Ganesan"]
[Black "Sindarov, Javokhir"]
[Result "0-1"]
[WhiteElo "2449"]
[BlackElo "2513"]
[Annotator "TA"]
[PlyCount "80"]
[EventDate "2019.10.19"]
[EventType "swiss"]
[EventCountry "NED"]
[SourceTitle "playchess.com"]
[Source "ChessBase"]
[SourceQuality "1"]

{[%evp 15,80,41,39,24,43,11,43,47,43,32,35,26,30,31,35,16,20,9,9,9,25,11,10,8,14,0,26,25,36,0,0,0,0,0,0,0,2,0,0,0,4,10,43,32,37,41,33,34,27,27,31,18,7,-41,-35,-72,-66,-498,-497,-479,-428,-717,-714,-703,-698,-683,-668]} 1. e4 e5 2. Nf3 Nc6 3. Bb5 a6 4. Ba4 Nf6 5. O-O Be7 6. d3 d6 7. c3 O-O 8. Nbd2 Re8 9. Re1 {C77: Ruy Lopez: 3...a6 4 Ba4 Nf6, unusual lines} Bf8 10. Nf1 g6 11. Bg5 {White is slightly better.} h6 12. Bh4 Bg7 13. d4 $146 ({Predecessor:} 13. Ne3 b5 14. Bb3 Bb7 15. a3 Nb8 16. h3 Nbd7 {½-½ (75) Romanov,E (2625)-Baryshpolets,A (2486) Cappelle-la-Grande 2012}) 13... exd4 14. Nxd4 Bd7 15. Nxc6 Bxc6 16. Bxc6 bxc6 17. Qa4 Qd7 18. Bxf6 Bxf6 19. Ne3 Bg7 20. Nc4 Reb8 21. Rad1 Rb5 22. Qc2 Qe6 23. b3 Re8 24. Re3 h5 25. Rde1 Rc5 26. Nd2 {[%cal Bc4d2,Bd2f3,Bf3d4][%mdl 32]} Bh6 27. R3e2 $1 Qf6 28. c4 d5 29. Nf3 dxc4 30. b4 Rb5 31. e5 Qf5 32. Qxc4 {[#] And now Nd4 would win.} Qe6 33. Qc3 {Nd4 is the strong threat.} Bf8 $36 {[%mdl 2048] Black is pushing.} 34. Nd4 Bxb4 35. Qc2 Qd7 36. e6 $2 {[%mdl 8192] [#]} (36. Nxb5 $15 Bxe1 37. Na7) 36... Qxd4 $19 {Black is clearly winning.} 37. exf7+ Kxf7 38. Rd1 (38. Qb3+ $142 Qd5 39. Rxe8 Bxe1 40. Qxd5+ cxd5 41. Rxe1) 38... Rxe2 39. Qxe2 Re5 40. Qf3+ Kg7 {Accuracy: White = 48%, Black = 68%.} 0-1

[Event "23rd Hoogeveen Open 2019"]
[Site "Hoogeveen"]
[Date "2019.10.22"]
[Round "5.2"]
[White "Pruijssers, Roeland"]
[Black "Werle, Jan"]
[Result "0-1"]
[WhiteElo "2550"]
[BlackElo "2544"]
[Annotator "TA"]
[PlyCount "82"]
[EventDate "2019.10.19"]
[EventType "swiss"]
[EventCountry "NED"]
[SourceTitle "playchess.com"]
[Source "ChessBase"]
[SourceQuality "1"]

{[%evp 18,91,35,35,38,27,33,35,27,39,29,29,52,10,25,11,24,8,23,25,14,-1,25,27,30,25,26,25,32,30,35,-20,-20,-34,-7,-44,-23,-31,-25,-47,-33,-82,-74,-119,-121,-126,-125,-95,-131,-131,-106,-268,-263,-719,-724,-944,-942,-901,-863,-915,-463,-910,-882,-859,-470,-698,-626,-29995,-29996,-29996,-29997,-29997,-29998,-29998,-29999,-29999]} 1. e4 c5 2. Nf3 d6 3. d4 cxd4 4. Nxd4 Nf6 5. Nc3 Nc6 6. f3 e5 7. Nb3 Be7 8. Be3 O-O 9. Qd2 a5 10. Bb5 Na7 {B56: Classical Sicilian: Unusual Lines} 11. Bxa7 Rxa7 12. O-O-O Be6 {White is slightly better.} 13. a4 Ra8 14. Kb1 Qc7 (14... Ne8 15. Nd5 Bg5 16. Qd3 Nc7 17. Nxc7 Qxc7 18. Qxd6 Qxd6 19. Rxd6 {1-0 (64) Vachier Lagrave,M (2780)-Alekseenko,K (2637) chess.com INT 2019}) 15. Qd3 $146 ({Predecessor:} 15. g4 Rfd8 16. Nd5 Nxd5 17. exd5 Bd7 18. Qe2 Bxb5 19. Qxb5 {½-½ (48) Anand,N (2373)-Risting,E (2281) Caleta 2019}) 15... Rac8 16. Rhe1 Rfd8 17. Nd5 Nxd5 18. exd5 Bd7 19. c3 Qb6 20. Bxd7 Rxd7 21. Nd2 Rdc7 {White should prevent ...Rxc3.} 22. Ka2 g6 23. g4 Rf8 24. h4 (24. Ne4 $14) 24... Bxh4 $11 25. Rh1 Bd8 26. Rdg1 Qa6 27. Qe3 f6 28. Rg2 Rg7 29. f4 Qb6 $36 {[%mdl 2048] Black has strong initiative.} 30. Qe4 f5 31. gxf5 Rxf5 {[%cal Bf8f5,Bf5e5,Be5e3][%mdl 32]} 32. fxe5 Rxe5 ({Of course not} 32... dxe5 $6 33. Nc4 $14) 33. Qg4 {Threatens to win with Nc4.} Qc5 34. Nf3 $2 (34. c4 $17 {is the only way for White.}) 34... h5 $19 (34... Qxd5+ 35. c4 $11) 35. Qh3 $2 (35. Qd4 Qxd5+ 36. Qxd5+ Rxd5 37. Kb3) 35... Re3 36. Rg3 Qc4+ 37. Kb1 Qe4+ 38. Ka1 Qxa4+ 39. Kb1 {Now Nd4 and White clings on.} Qe4+ {[%mdl 64] Double Attack} ({Weaker is} 39... Re2 40. Nd4 $15) 40. Ka1 Bf6 41. Rhg1 {[#]} (41. Qe6+ $142 Qxe6 42. dxe6) 41... h4 {Played: Re3xc3} 0-1

[Event "23rd Hoogeveen Open 2019"]
[Site "Hoogeveen"]
[Date "2019.10.22"]
[Round "5.3"]
[White "Ernst, Sipke"]
[Black "Schoppen, Casper"]
[Result "1-0"]
[WhiteElo "2523"]
[BlackElo "2508"]
[Annotator "TA"]
[PlyCount "73"]
[EventDate "2019.10.19"]
[EventType "swiss"]
[EventCountry "NED"]
[SourceTitle "playchess.com"]
[Source "ChessBase"]
[SourceQuality "1"]

{[%evp 15,73,0,0,0,18,22,21,0,23,29,12,0,63,15,15,11,10,12,44,53,36,45,41,38,113,84,80,82,80,78,133,121,98,79,68,83,151,112,145,116,119,118,126,143,145,123,433,168,411,304,636,332,6031,5895,29978,29979,29977,29978,6235,5968]} 1. d4 Nf6 2. c4 e6 3. g3 Bb4+ 4. Bd2 Be7 5. Bg2 d5 6. Nf3 O-O 7. O-O c6 8. Qc2 Nbd7 9. Rc1 {E11: Bogo-Indian} Ne4 (9... a5 10. a3 h6 11. e3 Re8 12. b3 a4 13. b4 Ne4 14. c5 Bf6 15. Nc3 e5 16. Nxe4 dxe4 17. Nxe5 Nxe5 18. dxe5 Bxe5 {½-½ (70) Ding,L (2811)-Alekseenko,K (2671) Khanty-Mansiysk 2019}) 10. Be1 a5 $146 ({Predecessor:} 10... b6 11. a4 a5 12. cxd5 cxd5 13. Na3 Ba6 14. Nb5 Rc8 15. Qb3 Rxc1 16. Rxc1 Qb8 {1-0 (74) Gelfand,B (2673)-Sarana,A (2618) Moscow 2018}) 11. Nc3 {The position is equal.} f5 12. a3 g5 13. b4 Bf6 (13... axb4 $11 14. axb4 Rxa1 15. Rxa1 g4) 14. e3 g4 15. Nd2 Nxd2 16. Bxd2 Nb6 17. cxd5 cxd5 18. bxa5 Nc4 19. Na4 b5 {[#]} (19... Nxa5 $14 20. h3 gxh3 21. Bxh3 Nc4) 20. Nb6 $1 {[%mdl 512]} Nxb6 21. axb6 Qxb6 22. Bb4 Rf7 {[#]} (22... Rd8 $142) 23. Qxc8+ $1 $16 Rxc8 24. Rxc8+ Kg7 25. Rac1 Qb7 {[#]} (25... Bd8 $142) 26. R8c6 $1 h5 27. Rxe6 {Hoping for Rec6.} Rc7 28. Rc5 h4 29. gxh4 ({Don't go for} 29. Bxd5 $2 Rxc5 30. dxc5 (30. Bxb7 $2 {gets mated.} Rc1+ 31. Be1 Rxe1+ 32. Kg2 h3#) 30... Qxd5 $19) 29... Rxc5 30. dxc5 {c6 is the strong threat.} f4 $2 {[%mdl 8192]} (30... Qa7 $16 {is tougher.}) 31. exf4 $2 (31. c6 Qa6 32. exf4 (32. Bxd5 Qa4 $18)) 31... Qd7 $2 (31... Qf7 32. Bxd5 Bxh4) 32. f5 Qc7 $2 (32... Bxh4 33. Bc3+ Kf8) 33. Rd6 Qe7 $2 (33... Be5 34. Rxd5 Bxh2+ 35. Kf1 g3 36. Bc3+ Kf7) 34. c6 $18 Qe2 35. Rd7+ Kh8 36. c7 Qe8 {[#]} 37. Rf7 {Played: Rd7-d8} 1-0

[Event "23rd Hoogeveen Open 2019"]
[Site "Hoogeveen"]
[Date "2019.10.22"]
[Round "5.4"]
[White "Kirchei, Viktoriia"]
[Black "Vrolijk, Liam"]
[Result "1-0"]
[WhiteElo "2051"]
[BlackElo "2478"]
[Annotator "TA"]
[PlyCount "83"]
[EventDate "2019.10.19"]
[EventType "swiss"]
[EventCountry "NED"]
[SourceTitle "playchess.com"]
[Source "ChessBase"]
[SourceQuality "1"]

{[%evp 11,89,21,20,21,20,20,27,19,21,17,34,20,30,29,22,30,24,0,0,0,54,44,48,14,58,54,73,69,68,12,12,14,17,15,12,0,25,23,20,17,12,-4,43,43,42,35,68,70,85,81,114,122,132,118,129,137,116,151,140,100,100,110,177,160,275,246,458,454,506,499,446,423,423,396,483,471,875,847,772,233]} 1. e4 c5 2. Nf3 d6 3. d4 cxd4 4. Qxd4 Nc6 5. Bb5 Bd7 6. Qd3 Nf6 7. c4 {B53: Sicilian: 2...d6: Lines with Qxd4} g6 8. Nc3 Bg7 9. O-O {White has an edge.} O-O 10. h3 Rc8 11. Be3 Nb4 12. Qe2 a6 13. Bxd7 Nxd7 14. Nd5 $146 (14. Bd4 Bxd4 15. Nxd4 {0-1 (29) Andreikin,D (2725)-Van Wely,L (2622) chess.com INT 2019}) ({Predecessor:} 14. Rac1 Nc6 {½-½ (29) Tran,M (2334)-Nguyen,A (2507) Ho Chi Minh City 2019}) 14... Nc6 15. Rac1 Nde5 (15... Re8 $11) 16. Nxe5 $14 dxe5 17. Bb6 Qd6 18. b4 Nd4 19. Qd3 e6 20. Bc5 (20. Bxd4 $1 $14 exd4 21. c5) 20... Rxc5 $11 21. bxc5 Qxc5 22. Ne3 Rc8 23. Rb1 Qc6 24. Kh1 h5 25. Rb2 Bf8 26. Rfb1 Rc7 (26... b5 $5) 27. Rb6 $36 {[%mdl 2048] White has the initiative.} Qd7 28. g4 Bc5 29. R6b2 h4 {[#]} 30. g5 $1 Nf3 31. Qxd7 Rxd7 32. Ng4 ({Don't take} 32. Rxb7 $6 Rd2 $14) 32... Kg7 33. Kg2 Nxg5 34. Nxe5 Rd4 35. Rxb7 {Threatens to win with f4.} Rd2 {[#]} 36. Ng4 $1 Nxe4 (36... Bd4 $16 {is a better defense.}) 37. R1b2 $18 Rd4 (37... Rxb2 $16 38. Rxb2 Bd4) 38. Ne5 Nd6 $2 (38... Ng5 39. Rc2 Rd1) 39. Rc7 Nxc4 40. Rxf7+ Kh6 41. Nxc4 Rxc4 42. Re2 {Played: Rf7-c7} 1-0